000 00741nam a2200265Ia 4500
003 OSt
005 20221006160231.0
006 a|||||r|||| 00| 0
007 ta
008 221006b |||||||| |||| 00| 0 eng d
020 _a9781741796742
_c1,088.00
024 _a44,698
037 _cTextual
040 _aEASL
_cEASL
_beng
041 _2eng
_aeng
082 _aU8.495SE, Q2
100 _aRICHMOND Simon
_9422959
245 0 _aSeoul
_b all you've got to do is decide to go and the hardest part is over So go
260 _aChina
_bLonely planet publications
_c2012
300 _a208p.
_ccm.
490 _v KEL
650 _aKEL
942 _hU8.495SE, Q2
_cTEXL
_2CC
999 _c1112790
_d1112790